00828nam a2200253Ia 450000500170000000800410001702000150005804100080007310000320008124500690011325000220018230000240020449000160022865000430024465000450028765000350033270000390036726400340040633600270044033700330046733800280050004000350052808400110056320220316235524.0121119s2003 ck gr 000 p spa  a95830065480 aspa1 aDarío, Rubénd1867-191610aMargarita cRubén Darío ; ilustraciones, Olga Lucia García aPrimera edición a48 páginasc23 cm0 aOA infantil14aPoesía infantil nicaragüense2LEMB14aLiteratura infantil nicaragüense2LEMB14aNiñas en la literatura2LEMB1 aGarcía, Olga Lucíaeilustrador aBogotá bPanamericanac2003 atextobtxt2rdacontent asin mediaciónbn2rdamedia avolumenbnc2rdacarrier aCO-BoRNBPbspaerdacCO-BoRNBP aP DAR1